| 000 -LEADER |
| fixed length control field |
00600nam a22000977a 4500 |
| 008 - FIXED-LENGTH DATA ELEMENTS--GENERAL INFORMATION |
| fixed length control field |
160627b xxu||||| |||| 00| 0 eng d |
| 100 ## - MAIN ENTRY--AUTHOR'S NAME |
| Author's Name |
Milos, Michael |
| 245 ## - TITLE STATEMENT |
| Title |
The Caricature and Landscape Definitives, 1972-1978 |
| 260 ## - PUBLICATION, DISTRIBUTION, ETC. (IMPRINT) |
| Place of publication, distribution, etc. |
Toronto |
| Name of publisher, distributor, etc. |
Unitrade Press |
| Date of publication, distribution, etc. |
1988 |
| 650 ## - TOPICAL TERM (Tag) |
| Topical term or geographic name |
Canada | Definitive Issues | 1972-1978 | 20th Century | Designs | Production | Sheets and Panes | Errors and Varieties | Paper Luminescent and Tagged Issues | Perforation | Booklets and Minipacks | Plates and Plating | Plate Blocks and Numbers | Marginal Markings and Imprints | Coils | Imperforate Issues | Catalogs and Price Lists |